[Event "Stockholm op"]
[Site "Stockholm"]
[Date "2014.05.30"]
[Round "5"]
[White "Babecki, Bogdan"]
[Black "Sandberg, Filip"]
[Result "1-0"]
[WhiteElo "1791"]
[BlackElo "1404"]
[PlyCount "87"]
[EventDate "2014.05.28"]
[EventType "swiss"]
[EventRounds "9"]
[EventCountry "SWE"]
[SourceTitle "CBM 160 Extra"]
[Source "ChessBase"]
[SourceDate "2014.07.01"]
[SourceVersion "1"]
[SourceVersionDate "2014.07.01"]
[SourceQuality "1"]

1. Nf3 Nf6 2. d4 d5 3. e3 Bf5 4. c4 e6 5. a3 Nc6 6. Nc3 Qd7 7. cxd5 exd5 8. Ne5 Nxe5 9. dxe5 Ne4 10. Qxd5 Qxd5 11. Nxd5 Kd7 12. f3 Nc5 13. e4 Be6 14. Be3 c6 15. Nf4 Ke8 16. Nxe6 fxe6 17. Bc4 Kf7 18. 0-0-0 b6 19. b4 Na4 20. Rd7+ Be7 21. Kc2 Rhd8 22. Rhd1 b5 23. Bb3 Nb6 24. Rxe7+ Kxe7 25. Bg5+ Ke8 26. Rxd8+ Rxd8 27. Bxd8 Kxd8 28. Bxe6 Ke7 29. Bb3 Nd7 30. f4 Nf8 31. f5 Nd7 32. e6 Ne5 33. h3 g6 34. Kc3 gxf5 35. exf5 c5 36. bxc5 Nc6 37. Bd5 Nd8 38. Kb4 a5+ 39. Kxb5 h5 40. Kb6 h4 41. Kc7 a4 42. f6+ Kf8 43. e7+ Ke8 44. exd8Q# 1-0